History Quiz

Random History or Clickable Quiz

Pick A Side: World War II Quiz Stats

Quiz Updated Feb 25, 2015

Challenge
Share
Tweet
Embed
Score 0/16 Timer 02:00
9 Plays Today
% Correct
United Kingdom
92.3%
United States
92.2%
Switzerland
91.1%
Germany
89.7%
Canada
89.4%
Australia
86.9%
Sweden
83.8%
Italy
82.8%
% Correct
Japan
81.6%
Soviet Union
80.6%
Ireland
79.8%
Portugal
77.1%
New Zealand
74.7%
Spain
73.5%
Turkey
65.9%
China
56.4%

You're not logged in!

Compare scores with friends on all Sporcle quizzes.
Join for Free
OR
Log In

You Might Also Like...

Show Comments

Extras

Top Quizzes Today


Score Distribution

Your Account Isn't Verified!

In order to create a playlist on Sporcle, you need to verify the email address you used during registration. Go to your Sporcle Settings to finish the process.

Report this User

Report this user for behavior that violates our Community Guidelines.

Details: